[Event "FIDE World Rapid Team"]
[Site "Almaty KAZ"]
[Date "2024.08.04"]
[Round "10.15"]
[White "Vokhidov, Shamsiddin"]
[Black "Yu, Yangyi"]
[Result "1/2-1/2"]
[WhiteTitle "GM"]
[BlackTitle "GM"]
[WhiteElo "2643"]
[BlackElo "2703"]
[WhiteTeam "Royal Chess"]
[BlackTeam "Decade China Team"]
[WhiteFideId "14204223"]
[BlackFideId "8603820"]
[EventDate "2024.08.02"]

1. e4 e5 2. Nf3 Nf6 3. Nxe5 d6 4. Nf3 Nxe4 5. Nc3 Nxc3 6. dxc3 Be7 7. Be3 O-O 8.
Qd2 Nd7 9. O-O-O Nf6 10. Bd3 Re8 11. Rhe1 Bg4 12. Bg5 Qd7 13. Kb1 Bf5 14. Nd4
Bxd3 15. cxd3 c5 16. Nc2 h6 17. Bh4 Nd5 18. Bxe7 Rxe7 19. c4 Rxe1 20. Rxe1 Nf6
21. d4 Re8 22. Rxe8+ Qxe8 23. f3 b6 24. Ne3 Qe6 25. Kc2 g6 26. Qd3 h5 27. h4 Kg7
28. Kd2 Kg8 29. Ke2 Kg7 30. Kf2 Kg8 31. a3 Nd7 32. Nd5 Nf6 33. Nf4 Qe7 34. Qe3
Qd7 35. Ne2 Qf5 36. Qf4 Qe6 37. Nc3 Kg7 38. d5 Qe7 39. Nb5 Ne8 40. Nc3 Nf6 41.
Qe3 Qd8 42. g3 a6 43. Kg2 Qd7 44. a4 Qf5 45. Qe2 Kf8 46. Qd2 Kg7 47. b3 Kf8 48.
Qh6+ Kg8 49. Qd2 Kf8 50. Qe2 Kg7 51. Qd2 Qe5 52. Kf2 Qf5 53. Kg2 Qe5 54. Nd1 Kg8
55. Nf2 Kg7 56. Nd1 Kg8 57. Nf2 Kg7 58. Nh3 Kg8 59. Nf4 Kg7 60. Ne2 Kg8 61. Kf2
Nd7 62. Qe3 Kf8 63. Nc3 Ke7 64. Qxe5+ Nxe5 65. Ke3 Kf6 66. Ne4+ Ke7 67. Nf2 f5
68. Nh3 Kf6 69. Nf4 Ke7 70. Ne6 a5 71. Nc7 Kd7 72. Ne6 Ke7 73. Kf4 Kf6 74. Ke3
Ke7 75. Nc7 Kd7 76. Nb5 Ke7 77. Kf4 Nf7 78. Nc7 Kd7 79. Ne6 Ke7 80. g4 fxg4 81.
fxg4 hxg4 82. Kxg4 Kf6 83. Kf4 Ne5 84. Ke4 Ng4 1/2-1/2

[Event "FIDE World Rapid Team"]
[Site "Almaty KAZ"]
[Date "2024.08.04"]
[Round "10.16"]
[White "Xu, Xiangyu"]
[Black "Vakhidov, Jakhongir"]
[Result "1/2-1/2"]
[WhiteTitle "GM"]
[BlackTitle "GM"]
[WhiteElo "2628"]
[BlackElo "2571"]
[WhiteTeam "Decade China Team"]
[BlackTeam "Royal Chess"]
[WhiteFideId "8608288"]
[BlackFideId "14201801"]
[EventDate "2024.08.02"]

1. d4 Nf6 2. c4 g6 3. Nc3 Bg7 4. e4 d6 5. h3 O-O 6. Be3 Nbd7 7. Nf3 e5 8. d5 Nc5
9. Nd2 Ne8 10. g4 f5 11. gxf5 gxf5 12. Be2 Kh8 13. Qc2 fxe4 14. Ndxe4 Nxe4 15.
Nxe4 Bf5 16. Bd3 Bxe4 17. Bxe4 Qh4 18. O-O-O Bh6 19. Bxh6 Qxh6+ 20. Kb1 Nf6 21.
Bf5 Qf4 22. Rhg1 Rg8 23. Be6 Rxg1 24. Rxg1 Qe4 25. Rg5 Rf8 26. Rf5 Kg7 27. Rg5+
Kh6 28. Rf5 Kg7 29. Rg5+ Kh8 30. Rf5 Qe1+ 31. Qc1 Qxc1+ 32. Kxc1 h6 33. Kd2 Kg7
34. Ke3 b5 35. b3 bxc4 36. bxc4 a5 37. Rf3 Nh5 38. Rxf8 Kxf8 39. Bg4 Nf4 40. Ke4
Ke7 41. Bf5 Kf6 42. Bc8 Kg5 43. a3 h5 44. c5 Kf6 45. cxd6 cxd6 46. Bd7 Kg5 47.
Bc8 Ne2 48. Kd3 Nd4 49. Ke4 Nb5 50. f4+ exf4 51. h4+ Kxh4 52. Kxf4 Nxa3 53. Kf5
Nb5 54. Bd7 Nc7 55. Bc6 Kg3 56. Kf6 h4 57. Ke7 h3 58. Kxd6 h2 59. Kxc7 h1=Q 60.
d6 Qh8 61. d7 Qe5+ 62. Kc8 Qe6 63. Kc7 Qe7 64. Kc8 Qd6 65. d8=Q Qxc6+ 66. Kb8 a4
67. Qd4 Kf3 68. Qb4 Ke2 69. Ka7 Kd3 70. Qa3+ Kd4 71. Qb4+ Qc4 72. Qd2+ Kc5 73.
Qa5+ Kc6 74. Qb6+ Kd5 75. Qd8+ Ke4 76. Qh4+ Kd3 77. Qg3+ Kc2 78. Qf2+ Kb3 79.
Qb6+ Kc3 80. Qe3+ Qd3 81. Qc5+ Kb3 82. Qb6+ Kc3 83. Qa5+ Kb3 84. Qb6+ Ka2 85.
Qf2+ Kb1 86. Qb6+ Kc1 87. Qg1+ Kc2 88. Qf2+ Qd2 89. Qc5+ Qc3 90. Qf2+ Kb1 91.
Qf5+ Kb2 92. Qf2+ Ka3 93. Qf8+ Kb3 94. Qf7+ Qc4 95. Qf3+ 1/2-1/2

[Event "FIDE World Rapid Team"]
[Site "Almaty KAZ"]
[Date "2024.08.04"]
[Round "10.17"]
[White "Nurman, Alua"]
[Black "Ju, Wenjun"]
[Result "0-1"]
[WhiteTitle "WIM"]
[BlackTitle "GM"]
[WhiteElo "2324"]
[BlackElo "2563"]
[WhiteTeam "Royal Chess"]
[BlackTeam "Decade China Team"]
[WhiteFideId "13729390"]
[BlackFideId "8603006"]
[EventDate "2024.08.02"]

1. e4 e5 2. Nf3 Nc6 3. Bb5 Nf6 4. O-O Nxe4 5. d4 Nd6 6. dxe5 Nxb5 7. a4 d6 8. e6
Bxe6 9. axb5 Ne5 10. Nd4 Be7 11. f4 Nc4 12. Nxe6 fxe6 13. Qe2 Nb6 14. Qxe6 Qd7
15. Qb3 d5 16. Be3 O-O 17. Bxb6 axb6 18. Rxa8 Rxa8 19. Nc3 c6 20. Kh1 Bc5 21.
Na4 Qc7 22. bxc6 bxc6 23. Nxc5 bxc5 24. Qe3 Qd6 25. b3 h6 26. h3 Rf8 27. Kg1 d4
28. Qe4 Qd5 29. Qe2 Rf6 30. Qe8+ Kh7 31. Qe2 Re6 32. Qd3+ Qe4 33. Qxe4+ Rxe4 34.
Rf2 Kg6 35. g3 Re3 36. Kg2 Rc3 37. Re2 Kf6 38. Kf2 h5 39. Kg2 g6 40. h4 c4 41.
bxc4 Rxc4 42. Kf2 Rc3 43. Kg2 c5 44. Kh3 c4 45. Re4 Rxc2 46. Rxd4 c3 47. Rc4 Kf5
48. Rc6 Ke4 49. Rxg6 Re2 50. Rc6 c2 51. g4 Kd4 52. Rxc2 Rxc2 0-1

[Event "FIDE World Rapid Team"]
[Site "Almaty KAZ"]
[Date "2024.08.04"]
[Round "10.1"]
[White "Niemann, Hans Moke"]
[Black "Van Foreest, Jorden"]
[Result "1-0"]
[WhiteTitle "GM"]
[BlackTitle "GM"]
[WhiteElo "2711"]
[BlackElo "2696"]
[WhiteTeam "GMHans.com"]
[BlackTeam "Chessy"]
[WhiteFideId "2093596"]
[BlackFideId "1039784"]
[EventDate "2024.08.02"]

1. e4 e5 2. Nf3 Nc6 3. Bb5 Nf6 4. d3 d6 5. c3 g6 6. O-O Bg7 7. h3 O-O 8. Re1 a6
9. Ba4 b5 10. Bc2 h6 11. Be3 Bb7 12. Nbd2 Nb8 13. d4 Nbd7 14. a4 Re8 15. d5 c6
16. c4 Qc7 17. b3 bxc4 18. bxc4 a5 19. Bd3 Reb8 20. Qe2 Bc8 21. Rec1 Rb4 22.
Rcb1 c5 23. Rxb4 axb4 24. Nb3 Nb8 25. a5 Na6 26. Kh2 Bd7 27. Nfd2 Rf8 28. Rh1
Qd8 29. g3 Nh5 30. Qd1 Qf6 31. Be2 Nf4 32. Bg4 Bxg4 33. Qxg4 Nh5 34. Qd7 Ra8 35.
Qc6 Qd8 36. Kg2 Nf6 37. Rf1 Nc7 38. f4 Ra6 39. Qb7 Nd7 40. f5 g5 41. Kf3 Bf6 42.
Ke2 Qb8 43. Qxb8+ Nxb8 44. Rh1 Nd7 45. h4 Ne8 46. Kf3 Bd8 47. hxg5 hxg5 48. f6
Bxf6 49. Kg4 Bd8 50. Bxg5 f6 51. Bh6 Ra7 52. Ra1 Kh7 53. Be3 Ng7 54. Kf3 Kg6 55.
g4 Ne8 56. Nf1 Ng7 57. Ng3 Kf7 58. Bh6 Ne8 59. Nf5 Kg6 60. Be3 Kf7 61. Kg3 Ra6
62. Bh6 Kg6 63. Rh1 Kf7 64. Kh4 Ra7 65. Ra1 Kg6 66. Kh3 Kf7 67. Kg2 Kg6 68. Kf2
Kf7 69. Ke2 Kg6 70. Kd3 Kf7 71. Be3 Kg6 72. Rh1 Nf8 73. Rh8 Kf7 74. Bh6 Nd7 75.
Rxe8 1-0

[Event "FIDE World Rapid Team"]
[Site "Almaty KAZ"]
[Date "2024.08.04"]
[Round "10.2"]
[White "Vidit, Santosh Gujrathi"]
[Black "Tabatabaei, M. Amin"]
[Result "1-0"]
[WhiteTitle "GM"]
[BlackTitle "GM"]
[WhiteElo "2720"]
[BlackElo "2712"]
[WhiteTeam "Chessy"]
[BlackTeam "GMHans.com"]
[WhiteFideId "5029465"]
[BlackFideId "12521213"]
[EventDate "2024.08.02"]

1. d4 d5 2. c4 c6 3. cxd5 cxd5 4. Bf4 Nf6 5. Nc3 Nc6 6. e3 Bf5 7. Nf3 e6 8. Bb5
Nd7 9. O-O Be7 10. Rc1 g5 11. Bg3 h5 12. e4 dxe4 13. d5 exf3 14. dxc6 bxc6 15.
Bxc6 fxg2 16. Re1 h4 17. Be5 f6 18. Bd6 Rc8 19. Nb5 Rxc6 20. Rxc6 O-O 21. Bxe7
Qxe7 22. Rc7 e5 23. Rxa7 h3 24. Nd4 Qc5 25. Nxf5 Qxa7 26. Qh5 Nc5 27. Qg6+ Kh8
28. Re3 Qh7 29. Rxh3 1-0

[Event "FIDE World Rapid Team"]
[Site "Almaty KAZ"]
[Date "2024.08.04"]
[Round "10.3"]
[White "Hong, Andrew"]
[Black "Sarana, Alexey"]
[Result "1-0"]
[WhiteTitle "GM"]
[BlackTitle "GM"]
[WhiteElo "2572"]
[BlackElo "2717"]
[WhiteTeam "GMHans.com"]
[BlackTeam "Chessy"]
[WhiteFideId "2099438"]
[BlackFideId "24133795"]
[EventDate "2024.08.02"]

1. e4 c5 2. Nf3 d6 3. d4 cxd4 4. Nxd4 Nf6 5. Nc3 a6 6. Rg1 e5 7. Nb3 Be6 8. g4
h6 9. h4 d5 10. exd5 Nxd5 11. Nxd5 Qxd5 12. Qxd5 Bxd5 13. Be3 Nc6 14. c3 O-O-O
15. Nd2 g6 16. g5 hxg5 17. hxg5 Rh4 18. a4 Ne7 19. a5 Nf5 20. Bb6 Rd7 21. O-O-O
Be7 22. Be2 Bd8 23. Bg4 Rh8 24. Rde1 Re8 25. Bh3 Bxb6 26. axb6 Re6 27. c4 Bc6
28. Nb3 Re8 29. Na5 Rd4 30. Bxf5+ gxf5 31. g6 fxg6 32. Rxg6 Bf3 33. Rf6 f4 34.
Rf7 Re6 35. b3 Rxb6 36. Rxe5 Rbd6 37. Re8+ Rd8 38. Ree7 R8d7 39. Rxd7 Rxd7 40.
Rxf4 Bg2 41. c5 Kc7 42. Rf6 Bd5 43. Kc2 Rh7 44. Kc3 Rh3+ 45. Kd4 Bxb3 46. Rb6
Rh4+ 47. f4 Bc2 48. Rxb7+ Kc8 49. Rf7 Rh6 50. c6 Ba4 51. Kc5 Rh5+ 52. f5 Bb3 53.
Nxb3 1-0

[Event "FIDE World Rapid Team"]
[Site "Almaty KAZ"]
[Date "2024.08.04"]
[Round "10.4"]
[White "Koneru, Humpy"]
[Black "Jacobson, Brandon"]
[Result "0-1"]
[WhiteTitle "GM"]
[BlackTitle "GM"]
[WhiteElo "2530"]
[BlackElo "2575"]
[WhiteTeam "Chessy"]
[BlackTeam "GMHans.com"]
[WhiteFideId "5008123"]
[BlackFideId "30901561"]
[EventDate "2024.08.02"]

1. d4 Nf6 2. c4 g6 3. g3 Bg7 4. Bg2 d6 5. Nf3 O-O 6. b3 e5 7. Nc3 Nbd7 8. O-O
Re8 9. Qc2 c6 10. Rd1 Qe7 11. e4 exd4 12. Nxd4 Nc5 13. f3 Nfd7 14. Nde2 a5 15.
Bf4 Ne5 16. Qd2 a4 17. Rab1 axb3 18. axb3 f5 19. Qxd6 Qxd6 20. Rxd6 Ra3 21. b4
fxe4 22. fxe4 Ne6 23. Bxe5 Bxe5 24. Rd3 c5 25. bxc5 Nxc5 26. Rd5 Na4 27. Nb5 Ra2
28. Nc1 Rc2 29. Nd3 Nc3 30. Nxc3 Bxc3 31. Rc1 Rxc1+ 32. Nxc1 Be6 33. Rd3 Bb2 34.
Nb3 Bxc4 35. Rd2 Be5 36. Na5 Ba6 37. Bf1 Bc3 38. Ra2 Rxe4 39. Bxa6 bxa6 40. Nc6
Re1+ 41. Kf2 Ra1 42. Rc2 Ra3 43. Re2 Bf6 44. Rd2 a5 45. Rd7 Ra2+ 46. Kf3 a4 47.
Ra7 a3 48. Nb4 Rb2 49. Nd5 Rb3+ 50. Ke4 Bb2 51. Ne3 Rb4+ 52. Kd3 Rb3+ 53. Ke4
Rb4+ 54. Kd3 Rd4+ 55. Kc2 Re4 56. Kd3 Rd4+ 57. Kc2 h5 58. Nd1 Re4 59. Kd3 Re1
60. Ne3 Rh1 61. Nc4 Rxh2 62. Nxa3 Rg2 63. Nc4 Rxg3+ 64. Ke4 Rg4+ 65. Kd5 Bd4 66.
Ra4 Bf2 67. Ra2 Rd4+ 68. Ke5 Rxc4 69. Rxf2 Kg7 70. Rg2 Rc5+ 0-1

[Event "FIDE World Rapid Team"]
[Site "Almaty KAZ"]
[Date "2024.08.04"]
[Round "10.5"]
[White "Salimova, Nurgyul"]
[Black "Erdogmus, Yagiz Kaan"]
[Result "0-1"]
[WhiteTitle "IM"]
[BlackTitle "IM"]
[WhiteElo "2412"]
[BlackElo "2599"]
[WhiteTeam "GMHans.com"]
[BlackTeam "Chessy"]
[WhiteFideId "2915138"]
[BlackFideId "44599790"]
[EventDate "2024.08.02"]

1. d4 Nf6 2. Nf3 e6 3. c4 Bb4+ 4. Bd2 a5 5. Nc3 O-O 6. e3 d6 7. Qc2 Nc6 8. Bd3
e5 9. dxe5 dxe5 10. Ng5 h6 11. Nge4 Nd7 12. g4 Nc5 13. Be2 f5 14. Nxc5 Bxc5 15.
a3 fxg4 16. Ne4 Bf5 17. O-O-O Qe7 18. Bd3 Bxa3 19. c5 Bb4 20. Rhg1 Kh8 21. Qc4
Be6 22. Qb5 Bxd2+ 23. Rxd2 Nb4 24. Be2 c6 25. Qa4 Bd5 26. Nc3 Rxf2 27. Rxg4 Qxc5
28. Kb1 Qxe3 29. Rd1 Rxe2 30. Nxe2 Qxe2 31. Rxb4 b5 0-1

[Event "FIDE World Rapid Team"]
[Site "Almaty KAZ"]
[Date "2024.08.04"]
[Round "10.6"]
[White "Ainakul, Mukhtar"]
[Black "Mero, Aghiad."]
[Result "0-1"]
[WhiteElo "1935"]
[BlackElo "1817"]
[WhiteTeam "Chessy"]
[BlackTeam "GMHans.com"]
[WhiteFideId "13727354"]
[BlackFideId "7608420"]
[EventDate "2024.08.02"]

1. d4 d5 2. c4 c6 3. Nf3 Nf6 4. Nc3 dxc4 5. a4 Bf5 6. e3 e6 7. Bxc4 Bb4 8. O-O
Nbd7 9. Qb3 a5 10. Na2 Bd6 11. h3 Qc7 12. Bd3 O-O 13. Re1 Bxd3 14. Qxd3 e5 15.
Nc3 Rad8 16. Qe2 Rfe8 17. g3 exd4 18. Nxd4 Bxg3 19. fxg3 Qxg3+ 20. Kh1 Ne5 21.
Rg1 Qxh3+ 22. Qh2 Qxh2+ 23. Kxh2 c5 24. Nde2 Nf3+ 25. Kg2 Nxg1 26. Kxg1 Ng4 27.
e4 f6 28. Bf4 g5 29. Bc7 Rd2 30. b3 Ra8 31. Rd1 Rxd1+ 32. Nxd1 Kf7 33. Bb6 c4
34. bxc4 Ne5 35. Ne3 Rc8 36. c5 Nd7 37. Bxa5 Nxc5 38. Nc3 Ra8 39. Nc4 b6 40.
Bxb6 Nxa4 41. Nd5 Nxb6 42. Ndxb6 Ra2 43. Nd5 h5 44. Nde3 Ke6 45. Nf5 h4 46. Nd4+
Kf7 47. e5 fxe5 48. Nxe5+ Kf6 49. Ng4+ Kg6 50. Nf3 Kf5 51. Nf2 Kf4 52. Nh2 Kg3
53. Ne4+ Kf4 54. Nf2 Ra3 55. Kg2 Rg3+ 56. Kf1 h3 57. Ke1 Ra3 58. Ke2 Re3+ 59.
Kd2 Ra3 60. Ke2 Re3+ 61. Kd2 Rg3 62. Ke1 Rg1+ 63. Ke2 Rg2 64. Nf3 h2 65. Kf1
Kxf3 66. Nh3 h1=Q+ 0-1

[Event "FIDE World Rapid Team"]
[Site "Almaty KAZ"]
[Date "2024.08.04"]
[Round "10.8"]
[White "Narayanan, S.L."]
[Black "Eljanov, Pavel"]
[Result "1-0"]
[WhiteTitle "GM"]
[BlackTitle "GM"]
[WhiteElo "2649"]
[BlackElo "2672"]
[WhiteTeam "Team MGD1"]
[BlackTeam "Ashdod Chess Club"]
[WhiteFideId "5058422"]
[BlackFideId "14102951"]
[EventDate "2024.08.02"]

1. d4 Nf6 2. c4 e6 3. Nc3 d5 4. cxd5 exd5 5. Bg5 c6 6. e3 h6 7. Bh4 Be7 8. Bd3
O-O 9. h3 Re8 10. Bg3 Bd6 11. Nge2 Be6 12. Bxd6 Qxd6 13. O-O Nbd7 14. Qc2 Rac8
15. b4 Nb6 16. Rab1 Nc4 17. Bxc4 dxc4 18. e4 Qd8 19. a3 b5 20. Rbd1 a5 21. f4
axb4 22. axb4 Qe7 23. f5 Bd7 24. e5 Nh7 25. Ne4 Ra8 26. f6 Qxb4 27. fxg7 Ra3 28.
Qc1 Kxg7 29. N2g3 Re6 30. Nf5+ Kf8 31. d5 Rg6 32. e6 Ra2 33. Nh4 1-0

[Event "FIDE World Rapid Team"]
[Site "Almaty KAZ"]
[Date "2024.08.04"]
[Round "10.9"]
[White "Volokitin, Andrei"]
[Black "Sadhwani, Raunak"]
[Result "0-1"]
[WhiteTitle "GM"]
[BlackTitle "GM"]
[WhiteElo "2667"]
[BlackElo "2653"]
[WhiteTeam "Ashdod Chess Club"]
[BlackTeam "Team MGD1"]
[WhiteFideId "14107090"]
[BlackFideId "35093487"]
[EventDate "2024.08.02"]

1. e4 c6 2. d4 d5 3. e5 Bf5 4. Nf3 e6 5. Be2 Nd7 6. O-O a5 7. a4 f6 8. Bf4 g5 9.
Bg3 h5 10. exf6 Qxf6 11. Ne5 Qh6 12. Nxd7 Kxd7 13. h3 Nf6 14. Nd2 Rg8 15. Nf3 g4
16. Ne5+ Ke8 17. h4 Ne4 18. Bd3 Bd6 19. Bxe4 Bxe4 20. Re1 Qf6 21. c3 Bxe5 22.
dxe5 Qe7 23. Qb3 Rg7 24. Rad1 Bf5 25. Rd4 Rf7 26. Rf4 Kf8 27. Qd1 Kg7 28. Qd2
Kh7 29. c4 Rd8 30. cxd5 Rxd5 31. Rd4 Rg7 32. Rxd5 cxd5 33. Qxa5 d4 34. Rc1 d3
35. Rc8 Be4 36. Rd8 Bd5 37. Bf4 Qf7 38. Bg5 Qg6 39. Qa8 Rg8 40. Rd7+ Rg7 41. Bf6
d2 42. Qf8 d1=Q+ 43. Kh2 g3+ 0-1

[Event "FIDE World Rapid Team"]
[Site "Almaty KAZ"]
[Date "2024.08.04"]
[Round "10.10"]
[White "Pranav, V"]
[Black "Smirin, Ilia"]
[Result "0-1"]
[WhiteTitle "GM"]
[BlackTitle "GM"]
[WhiteElo "2598"]
[BlackElo "2575"]
[WhiteTeam "Team MGD1"]
[BlackTeam "Ashdod Chess Club"]
[WhiteFideId "25060783"]
[BlackFideId "2801990"]
[EventDate "2024.08.02"]

1. e4 c5 2. Nf3 e6 3. b3 b6 4. Bb2 Bb7 5. Nc3 Nc6 6. d4 cxd4 7. Nxd4 Nf6 8. Nxc6
Bxc6 9. Bd3 Qc7 10. Qf3 Bd6 11. O-O-O Be5 12. Kb1 O-O 13. Rhe1 Rac8 14. Qh3 Rfe8
15. Re2 h6 16. Ba6 Rcd8 17. a4 d5 18. Nb5 Bxb5 19. Bxb5 Bxb2 20. Kxb2 dxe4 21.
Red2 Rxd2 22. Rxd2 Rc8 23. Qg3 Qc5 24. Ba6 Rf8 25. Bc4 Rc8 26. Ba6 Qa5 27. Bxc8
Qxd2 28. Bb7 Qd4+ 29. Kb1 Nd5 30. Bxd5 exd5 31. Qb8+ Kh7 32. Qf4 Kg6 33. Qg4+
Kf6 34. Qf4+ Ke6 35. Qg4+ Ke7 36. Qf4 g5 37. Qf5 a5 38. g3 f6 39. h4 Kd6 40. h5
Kc5 41. Qc8+ Kb4 42. Qf8+ Kc3 43. Qc8+ Kd2 44. Qf5 Ke2 45. g4 Qe5 46. Qg6 Kxf2
47. Qxh6 e3 0-1

[Event "FIDE World Rapid Team"]
[Site "Almaty KAZ"]
[Date "2024.08.04"]
[Round "10.11"]
[White "Khotenashvili, Bella"]
[Black "Dronavalli, Harika"]
[Result "1-0"]
[WhiteTitle "GM"]
[BlackTitle "GM"]
[WhiteElo "2427"]
[BlackElo "2502"]
[WhiteTeam "Ashdod Chess Club"]
[BlackTeam "Team MGD1"]
[WhiteFideId "13602640"]
[BlackFideId "5015197"]
[EventDate "2024.08.02"]

1. d4 Nf6 2. Nf3 d5 3. g3 g6 4. Bg2 Bg7 5. O-O O-O 6. c3 c6 7. a4 a5 8. Qb3 Nbd7
9. Bf4 Nh5 10. Bg5 h6 11. Bd2 Nhf6 12. c4 dxc4 13. Qxc4 Ne4 14. Be3 Nd6 15. Qc1
Nf5 16. Bd2 Nf6 17. Nc3 g5 18. e3 Nd6 19. Ne5 Bf5 20. Qd1 Nfe4 21. Be1 Nxc3 22.
Bxc3 Ne4 23. f4 e6 24. g4 Bh7 25. Qb3 Qe7 26. Rae1 Kh8 27. f5 exf5 28. gxf5 Nxc3
29. Qxc3 f6 30. Nd3 Rfd8 31. Nc5 Bg8 32. Rd1 Rab8 33. e4 b6 34. Nd3 c5 35. d5
Rd7 36. b3 Bf7 37. Nb2 Qe5 38. Qxe5 fxe5 39. f6 Bf8 40. Nc4 Bd6 41. Rf5 Bg6 42.
Rxe5 Bh5 43. Re1 Bxe5 44. Nxe5 Rd6 45. Nc6 Re8 46. Rf1 Bf7 47. Ne7 Kh7 48. e5
Rdd8 49. Be4+ Kh8 50. e6 Bh5 51. Nc6 Rc8 52. Ne5 c4 53. bxc4 Be2 54. Rf2 Bh5 55.
f7 Rf8 56. e7 Kg7 57. exf8=Q+ Rxf8 58. d6 1-0

[Event "FIDE World Rapid Team"]
[Site "Almaty KAZ"]
[Date "2024.08.04"]
[Round "10.12"]
[White "Shah Mihir"]
[Black "Tanikin, Isabek"]
[Result "1/2-1/2"]
[WhiteElo "1801"]
[BlackElo "1952"]
[WhiteTeam "Team MGD1"]
[BlackTeam "Ashdod Chess Club"]
[WhiteFideId "46628878"]
[BlackFideId "13728717"]
[EventDate "2024.08.02"]

1. e4 c6 2. Nf3 d5 3. d3 g6 4. Nbd2 Bg7 5. d4 dxe4 6. Nxe4 Bf5 7. Ng3 Bg4 8. Bc4
e6 9. c3 Ne7 10. h3 Bxf3 11. Qxf3 Nd7 12. h4 h5 13. Bg5 Nb6 14. Bb3 Qd7 15. Ne4
Nf5 16. Bf6 O-O 17. g4 hxg4 18. Qxg4 Nd5 19. Bxg7 Kxg7 20. h5 Rh8 21. O-O-O Rh6
22. hxg6 fxg6 23. Rdg1 Rah8 24. Rxh6 Rxh6 25. Nc5 Qd6 26. Qe2 Nf4 27. Qe4 b6 28.
Nxe6+ Nxe6 29. Bxe6 Ne7 30. Bb3 Rh8 31. Kb1 Qf6 32. a4 Qf5 33. Bc2 Qxe4 34. Bxe4
Rh2 35. f3 Kf6 36. Ka2 g5 37. Kb3 Nd5 38. c4 Nf4 39. Bxc6 Rd2 40. Rh1 Rxd4 41.
Rh7 Ke5 42. Rxa7 Rd6 43. Ba8 Nd3 44. Kc3 Nc5 45. b4 Ne6 46. Re7 Kf6 47. Re8 Nc7
48. Rc8 Ne6 49. Rc6 Rxc6 50. Bxc6 Ke5 51. a5 bxa5 52. bxa5 Nc5 53. Bb7 Nxb7 54.
a6 Nc5 55. a7 Na4+ 56. Kb4 Nb6 57. Kc5 Na8 58. Kc6 Ke6 59. c5 Ke7 60. Kd5 Kd7
61. Ke5 Kc6 62. Kf5 Kxc5 63. Kxg5 Kb6 64. f4 Kxa7 65. f5 Nc7 66. Kf6 Kb6 67. Ke5
Kc6 68. f6 Kd7 69. f7 Ke7 70. f8=N Kxf8 1/2-1/2

[Event "FIDE World Rapid Team"]
[Site "Almaty KAZ"]
[Date "2024.08.04"]
[Round "10.13"]
[White "Bilguun, Sumiya"]
[Black "Gareyev, Timur"]
[Result "1/2-1/2"]
[WhiteTitle "GM"]
[BlackTitle "GM"]
[WhiteElo "2470"]
[BlackElo "2541"]
[WhiteTeam "Hunnu Air"]
[BlackTeam "Q4Rail Kingsofchess Krakow"]
[WhiteFideId "4901541"]
[BlackFideId "14200937"]
[EventDate "2024.08.02"]

1. e4 e5 2. Nf3 Nc6 3. Bc4 Nf6 4. d3 h6 5. a4 a5 6. Nc3 Bb4 7. Bd2 d6 8. h3 Be6
9. b3 O-O 10. O-O d5 11. Bb5 dxe4 12. Bxc6 exf3 13. Bxf3 c6 14. Re1 Re8 15. Nb1
Bc5 16. Na3 Bd4 17. Rb1 Nd5 18. Bxd5 Bxd5 19. Be3 Bc3 20. Bd2 Bxd2 21. Qxd2 Qf6
22. Nc4 Rad8 23. Re3 Qg5 24. Rg3 Qxd2 25. Nxd2 b5 26. Ra1 b4 27. Re3 f6 28. Rae1
Kf7 29. Ne4 Be6 30. f3 Rd5 31. Kf2 Red8 32. R3e2 Bc8 33. Nd2 Ba6 34. f4 Rc5 35.
Ne4 Rcd5 36. Nd2 Rc5 37. Ne4 Rcd5 38. Nd2 Rc5 39. Ne4 1/2-1/2

[Event "FIDE World Rapid Team"]
[Site "Almaty KAZ"]
[Date "2024.08.04"]
[Round "10.14"]
[White "Bernadskiy, Vitaliy"]
[Black "Munkhdalai, Amilal"]
[Result "1/2-1/2"]
[WhiteTitle "GM"]
[BlackTitle "IM"]
[WhiteElo "2530"]
[BlackElo "2374"]
[WhiteTeam "Q4Rail Kingsofchess Krakow"]
[BlackTeam "Hunnu Air"]
[WhiteFideId "14100371"]
[BlackFideId "4903250"]
[EventDate "2024.08.02"]

1. Nf3 Nf6 2. g3 b5 3. Bg2 Bb7 4. O-O e6 5. b3 Be7 6. Bb2 O-O 7. c4 b4 8. d4 a5
9. Nbd2 d6 10. Qc2 Nfd7 11. Ng5 Bxg5 12. Bxb7 Ra7 13. Bg2 Be7 14. e4 e5 15. c5
exd4 16. cxd6 cxd6 17. Bxd4 Rc7 18. Qb2 Bf6 19. Nc4 Ne5 20. Nxe5 Bxe5 21. Bxe5
dxe5 22. Qxe5 Nc6 23. Qb5 Qe7 24. Rad1 Rb8 25. Qa6 h5 26. h4 Ne5 27. Rd2 Rc5 28.
Qe2 g6 29. f4 Ng4 30. Bf3 Rc3 31. Kh1 Rd8 32. Rfd1 Rxd2 33. Rxd2 Re3 34. Qd1
Rxe4 35. Bxe4 Qxe4+ 36. Kg1 Qe3+ 37. Kg2 Qe4+ 38. Kh3 Ne3 39. Qe1 Qe6+ 40. f5
Qxf5+ 41. Kh2 Nf1+ 42. Kg2 Nxd2 43. Qxd2 Qe4+ 44. Kh2 Kg7 45. Qb2+ f6 46. Qf2
Qe5 47. Qa7+ Kh6 48. Qa8 Qe2+ 49. Kh3 Qg4+ 50. Kh2 Qe2+ 51. Kh3 Qe6+ 52. Kh2
Qe2+ 53. Kh3 Qf1+ 54. Kh2 Qf2+ 55. Kh3 Qf5+ 56. Kh2 Kg7 57. Qa7+ Kf8 58. Qb8+
Ke7 59. Qc7+ Ke6 60. Qb6+ Kd7 61. Qb7+ Kd8 62. Qb6+ Ke8 63. Qb8+ Ke7 64. Qc7+
Kf8 65. Qb8+ Kg7 66. Qa7+ Kh6 67. Qa8 Qf2+ 68. Kh3 Qf1+ 69. Kh2 Qe2+ 70. Kh3
Qe6+ 71. Kh2 g5 72. hxg5+ fxg5 73. Qxa5 Qd6 74. Kg2 Qd2+ 75. Kg1 Qe1+ 76. Kg2
Qd2+ 77. Kg1 Qd4+ 78. Kg2 Qe4+ 79. Kg1 h4 80. gxh4 gxh4 81. a4 Qe3+ 82. Kg2 Qg3+
83. Kh1 Qxb3 84. Qb6+ Kg5 85. a5 Qd5+ 86. Kh2 Qe5+ 87. Kh1 Qe4+ 88. Kh2 Qc2+ 89.
Kh3 Qc3+ 90. Kh2 b3 91. a6 b2 92. a7 Qe5+ 93. Kg2 Qg3+ 94. Kh1 Qe1+ 95. Kh2 Qd2+
96. Kh3 Qd3+ 97. Kh2 Qc2+ 98. Kh3 Qd3+ 99. Kh2 Qe2+ 100. Kh3 Qg4+ 101. Kh2 Qg3+
102. Kh1 Qf3+ 103. Kh2 Qf4+ 104. Kg2 Qe4+ 105. Kh2 Qc2+ 106. Kh3 Qc3+ 107. Kh2
Qd2+ 108. Kh3 Qd3+ 109. Kh2 Qe2+ 110. Kh3 1/2-1/2

[Event "FIDE World Rapid Team"]
[Site "Almaty KAZ"]
[Date "2024.08.04"]
[Round "10.15"]
[White "Agibileg, Uurtsaikh"]
[Black "Gumularz, Szymon"]
[Result "0-1"]
[WhiteTitle "IM"]
[BlackTitle "GM"]
[WhiteElo "2411"]
[BlackElo "2571"]
[WhiteTeam "Hunnu Air"]
[BlackTeam "Q4Rail Kingsofchess Krakow"]
[WhiteFideId "4901606"]
[BlackFideId "1188062"]
[EventDate "2024.08.02"]

1. d4 d6 2. c4 e5 3. d5 Nd7 4. Nc3 g6 5. e4 a5 6. Nf3 Nc5 7. Be2 Bh6 8. O-O Bxc1
9. Rxc1 Nf6 10. Nd2 h5 11. b3 h4 12. a3 h3 13. g3 O-O 14. b4 axb4 15. axb4 Na6
16. Rb1 Bd7 17. f4 exf4 18. gxf4 Qe7 19. Kh1 c5 20. dxc6 bxc6 21. Bf3 Rab8 22.
c5 dxc5 23. e5 Nd5 24. Nde4 Nxc3 25. Nxc3 Bf5 26. Ne4 Nxb4 27. Nf6+ Kg7 28. Rg1
Nd3 29. Qd2 Rxb1 30. Rxb1 Nxe5 31. fxe5 Bxb1 32. Qg5 Rh8 33. Bxc6 Qe6 34. Bd7
Qc4 35. Kg1 Qd4+ 36. Kf1 Bd3+ 37. Ke1 Qb4+ 38. Kf2 Qb2+ 39. Kf3 Qe2+ 40. Kg3
Qg2+ 0-1